000 00375 a2200145 4500
003 Nust
005 20230210123736.0
040 _cNust
082 _a955,IND
100 _aLT, General RK Jasber Singh, PVSM
_998453
245 _aIndian Defence 2002 Yearbook /
_cLt, General RK Jasbir Singh, PVSM
260 _afrance
_bAVI-OIl
_c2002
300 _a637p;
942 _2ddc
_cBK
999 _c194049
_d194049